000 00459nam a2200205Ia 4500
008 170918s9999 xx 000 0 und d
020 _a9781407108490
050 _bB317go 2009
100 _aBass, Guy
245 _aMonster trouble /
245 _cby Guy Bass.
260 _aUK :
260 _bScholastic,
260 _c2009
300 _a79 pages :
300 _billustrations ;
300 _c19cm.
300 _eGormy Ruckles.
500 _a710
999 _c343565
_d343565